No son sólo veinte letras: burocracia, parentesco e identidad de niños desaparecidos /

Guardado en:
Bibliografiske detaljer
Hovedforfatter: Regueiro, Sabina
Format: Texto
Fag:
Tags: Tilføj Tag
Ingen Tags, Vær først til at tagge denne postø!

MARC

LEADER 00000 a a2200000 04500
001 16043
003
040
100 |a Regueiro, Sabina  
245 |a No son sólo veinte letras:   |b burocracia, parentesco e identidad de niños desaparecidos /  |c Sabina Regueiro 
650 |a JUVENTUD  
650 |a IDENTIDAD CULTURAL  
650 |a ARGENTINA  
650 |a CAMBIO ECONOMICO  
773 |g volumen 14; páginas 213-225  
999 |c 22048  |d 22048